Warrior Cats: Cats of ThunderClan - Statistics

General Stats
  • This quiz has been taken 529 times
    528 since last reset
  • The average score is 13 of 22
Answer Stats
Hint Answer % Correct
Leader of ThunderClan Firestar
99%
Warrior of ThunderClan Brambleclaw
92%
Medicine Cat of ThunderClan Cinderpelt
81%
Medicine Cat Apprentice of ThunderClan Leafpool
81%
Elder of ThunderClan Longtail
68%
Elder of ThunderClan Mousefur
67%
Warrior of ThunderClan Squirrelflight
67%
Warrior of ThunderClan Sandstorm
66%
Warrior of ThunderClan Cloudtail
61%
Deputy of ThunderClan Greystripe
61%
Warrior of ThunderClan Dustpelt
58%
Warrior of ThunderClan Brightheart
56%
Warrior of ThunderClan Brackenfur
53%
Queen of ThunderClan Ferncloud
52%
Warrior of ThunderClan Ashfur
45%
Warrior of ThunderClan Sorreltail
45%
Warrior of ThunderClan Thornclaw
40%
Apprentice of ThunderClan Whitepaw
37%
Warrior of ThunderClan Spiderleg
35%
Elder of ThunderClan Goldenflower
34%
Warrior of ThunderClan Sootfur
31%
Warrior of ThunderClan Rainwhisker
29%
No matching quizzes found
Score Distribution
Percent of People with Each Score
Percentile by Number Answered
Your Score History
You have not taken this quiz since the last reset